000 00755nam a22002297a 4500
003 UA-OsUOA
001 110075
007 ta
008 20150217b un ||||| |||| 00| 0 ukr d
100 _aЛещух І.В.
700 _aОлійник Н.Р.
090 _a330(477)
_bЛ54
942 _cSA
040 _aUA-OsUOA
_bukr
_cUA-OsUOA
_dUA-OsUOA
245 _aКонцептуальні основи функціонування системи державного податкового менеджменту в Україні
300 _aС.187-194
955 _a0
041 _aukr
080 _a330(477)
773 0 _w110067
_tРегіональна економіка
_dЛьвів
_d2014
_g4
650 7 _a330 Економіка взагалі
_2UDC
999 _c395869
_d395869